Narciso / (Record no. 6186)

MARC details
000 -LEADER
campo de control de longitud fija 00714nam a2200253 i 4500
001 - NÚMERO DE CONTROL
campo de control 6186
003 - IDENTIFICADOR DE NÚMERO DE CONTROL
campo de control ES-MaACL
005 - FECHA Y HORA DE LA ÚLTIMA TRANSACCIÓN
campo de control 20250911062630.0
007 - CAMPO FIJO DE DESCRIPCIÓN FÍSICA--INFORMACIÓN GENERAL
campo de control de longitud fija t|
008 - DATOS DE LONGITUD FIJA--INFORMACIÓN GENERAL
campo de control de longitud fija 890824s1979 sp ||||1| spa d
020 ## - NÚMERO INTERNACIONAL ESTÁNDAR DEL LIBRO
Número Internacional Estándar del Libro 84-233-0981-9
080 ## - NÚMERO DE LA CLASIFICACIÓN DECIMAL UNIVERSAL
Número de la Clasificación Decimal Universal 86-311.1"19"
080 ## - NÚMERO DE LA CLASIFICACIÓN DECIMAL UNIVERSAL
Número de la Clasificación Decimal Universal 86(Sanchez Espeso,G.7 N.01)
100 1# - ENTRADA PRINCIPAL--NOMBRE DE PERSONA
Nombre de persona Sánchez Espeso, German.
9 (RLIN) 190092
245 10 - MENCIÓN DEL TÍTULO
Título Narciso /
Mención de responsabilidad, etc. German Sanchez Espeso.
250 ## - MENCION DE EDICION
Mención de edición 6a ed.
260 ## - PUBLICACIÓN, DISTRIBUCIÓN, ETC.
Lugar de publicación, distribución, etc. Barcelona :
Nombre del editor, distribuidor, etc. Destino,
Fecha de publicación, distribución, etc. 1979.
300 ## - DESCRIPCIÓN FÍSICA
Extensión 196 p. ;
Dimensiones 19 cm.
490 1# - MENCIÓN DE SERIE
Mención de serie Ancora y delfín ;
Designación de volumen o secuencia 537
500 ## - NOTA GENERAL
Nota general Premio Eugenio Nadal 1978.
830 00 - PUNTO DE ACCESO ADICIONAL DE SERIE-TÍTULO UNIFORME
Título uniforme Áncora y Delfín
Designación de volumen o secuencia 537
9 (RLIN) 151298
852 ## - LOCALIZACIÓN
Ubicación ES-MaACL
Número de control de estantería L-13288
Sublocalización o colección R.116234
Nota libre . - cart.
Holdings
Estatus retirado Estado de pérdida Estado de daño No para préstamo Biblioteca de origen Biblioteca actual Ubicación en estantería Fecha de adquisición Fuente de adquisición Total de préstamos Signatura topográfica completa Código de barras Visto por última vez Precio de reemplazo Tipo de ítem Koha
        Biblioteca del Ateneo de Madrid Biblioteca del Ateneo de Madrid Depósito 2 17/01/2008     L-13288 1006297 23/02/2023 23/02/2023 Libro impreso